Logo Quiz 5 - Statistiken

Allgemein
  • Dieses Quiz wurde 674 mal gespielt
  • Das Durchschnittsergebnis liegt bei 13 aus 16
Antwortstatistiken
Bildquiz Antwort % Korrekt
Mc Donalds
99%
Audi
98%
Wikipedia
97%
Schwarzkopf
94%
Skoda
91%
Allianz
89%
Jaguar
89%
Dr. Oetker
86%
Vodafone
86%
Windows
85%
Marlboro
79%
Ford
77%
Langnese
74%
Converse
58%
Adobe
56%
Yamaha
43%
Keine übereinstimmenden Quizze gefunden
Verteilung der Resultate
Anzahl Personen mit jedem Resultat
Perzentil nach korrekt beantworteten Fragen
Ihre Resultats-Entwicklung
Sie haben dieses Quiz noch nicht gespielt